[Event "AUTO-OPEN-4642"]
[Site "http://www.queenalice.com/game.php?id=1870197"]
[Date "2026.3.7"]
[Round "1"]
[White "pomar"]
[Black "josebaron"]
[Result "0-1"]
[WhiteElo "1943"]
[BlackElo "2209"]

1. f3 e5 2. Kf2 Be7 3. e3 d5 4. d4 e4 5. c4 exf3 6. Nxf3 Nf6 7. Nc3 Ne4+ 8. Nxe4
dxe4 9. Nd2 f5 10. Nb3 Nc6 11. a3 O-O 12. Be2 a5 13. d5 Ne5 14. Rf1 a4 15. Nd2
Ng4+ 16. Kg1 Nxe3 17. Qe1 Nc2 18. Qd1 Nxa1 19. b3 e3 20. Nf3 Nxb3 21. Bxe3 Bxa3
22. Nd4 Nxd4 23. Bxd4 b6 24. Qa1 Bc5 25. Bxc5 bxc5 26. Rf3 Qf6 27. Qa3 Qb6 28.
Rg3 f4 29. Rf3 Bg4 30. Rf2 Bxe2 31. Rxe2 Qb4 32. Qa2 Qb3 33. Qa1 Qxc4 34. Qe5
Qd4+ 35. Qxd4 cxd4 36. Re4 a3 37. Rxd4 a2 38. Rd1 a1=Q 39. Rf1 Qd4+ 40. Kh1 Ra1
41. h4 Rxf1+ 42. Kh2 Qg1+ 43. Kh3 Qh1+ 44. Kg4 Qxg2+ 45. Kh5 Qg6# 0-1

[Event "AUTO-ADV-4906"]
[Site "http://www.queenalice.com/game.php?id=1870407"]
[Date "2026.3.12"]
[Round "2"]
[White "pomar"]
[Black "Pin"]
[Result "1/2-1/2"]
[WhiteElo "1948"]
[BlackElo "2159"]

1. f3 Nc6 2. Kf2 Nf6 3. e3 g6 4. c4 Bg7 5. Nc3 O-O 6. d4 d5 7. Qb3 dxc4 8. Bxc4
Na5 9. Qa4 Nxc4 10. Qxc4 Be6 11. Qb4 b6 12. Nge2 a5 13. Qa4 Nd5 14. e4 Bd7 15.
Qd1 Nxc3 16. Nxc3 b5 17. a3 c5 18. dxc5 Bxc3 19. bxc3 Be6 20. Be3 Qxd1 21. Rhxd1
Rfd8 22. Rxd8+ Rxd8 23. Rb1 Bc4 24. a4 Rb8 25. c6 b4 26. c7 Rc8 27. Bb6 Bd3 28.
Rd1 Ba6 29. Bxa5 bxc3 30. Rd8+ Kg7 31. Rxc8 Bxc8 32. Bxc3+ f6 33. f4 Kf7 34. Ke3
Ke6 35. Kd4 Kd7 36. Ba5 Kc6 37. e5 f5 38. h3 e6 39. g4 Ba6 40. Bb4 Kxc7 41. Kc5
Bf1 42. gxf5 gxf5 43. Ba5+ Kc8 44. Kd6 Bc4 45. Ke7 h5 46. Kf6 Bb3 47. Be1 Kd7
48. a5 Bc4 49. Kg5 Be2 50. a6 Kc7 51. a7 Kb7 52. Bf2 Bd1 53. Kf6 Bb3 54. Kg5 Bd1
55. Kf6 Bb3 56. Kg5 1/2-1/2

[Event "AUTO-ADV-4906"]
[Site "http://www.queenalice.com/game.php?id=1870408"]
[Date "2026.3.12"]
[Round "2"]
[White "Pin"]
[Black "pomar"]
[Result "1-0"]
[WhiteElo "2153"]
[BlackElo "1956"]

1. b3 e6 2. Bb2 d5 3. e3 c5 4. Nf3 Qb6 5. Be2 Nc6 6. O-O Nf6 7. d3 Be7 8. Nbd2
a5 9. a3 a4 10. e4 O-O 11. e5 Nd7 12. Re1 d4 13. Bf1 Qc7 14. Nc4 Nb6 15. Ncd2
Nd7 16. Nc4 b5 17. Ncd2 Ndxe5 18. Nxe5 Nxe5 19. Qh5 Ng6 20. Ne4 Nf4 21. Qf3 e5
22. Bc1 Ng6 23. Bg5 f6 24. Bd2 f5 25. Ng5 Nf4 26. Nh3 Nxh3+ 27. Qxh3 f4 28. Qh5
Be6 29. Qxe5 Qxe5 30. Rxe5 Ra6 31. Rae1 axb3 32. Rxe6 Rxe6 33. Rxe6 b2 34. Re1
Ra8 35. Rb1 Rxa3 36. Rxb2 b4 37. Bxf4 g5 38. Bc1 h6 39. g3 Rc3 40. Bg2 Kg7 41.
Bd5 Kf6 42. Bb3 Ke5 43. Bd2 Rxb3 44. cxb3 h5 45. Ra2 h4 46. Kg2 Kf5 47. Ra7 Kg4
48. h3+ Kf5 49. Rxe7 Kf6 50. Re4 hxg3 51. Kxg3 Kf5 52. Rg4 Kf6 53. Rxg5 1-0